000 00492nam a22001697a 4500
005 20251108171151.0
008 250721s1992 xx 000 0 ara d
082 1 4 _aط/608.7/ملا
100 1 _aلوقا، ملاك
245 1 0 _aالجرعة الساحرة /
264 1 _aالقاهرة :
_bمكتبة المحبة،
_c1992.
300 _a31ص
490 0 _aالموسوعة العلمية المبسطة ، 6
650 1 7 _aالإختراعات
942 _2ddc
_cBK
999 _c58323
_d58323